Sristutisudarshanashttakashoudhshayudhstotrani/ (Record no. 43976)

000 -LEADER
fixed length control field 00325nam a22001211a 4500
082 ## - DEWEY DECIMAL CLASSIFICATION NUMBER
Classification number S 294.5
Item number GOV/S
245 ## - TITLE STATEMENT
Title Sristutisudarshanashttakashoudhshayudhstotrani/
Statement of responsibility, etc by Govindan (ed.)
260 ## - PUBLICATION, DISTRIBUTION, ETC. (IMPRINT)
Place of publication Tirupati:
Name of publisher Rashtriya Sanskrit Vidyapeetha,
Year of publication 2003.
300 ## - PHYSICAL DESCRIPTION
Number of Pages 35p.
650 ## - SUBJECT ADDED ENTRY--TOPICAL TERM
Topical Term Hinduism
650 ## - SUBJECT ADDED ENTRY--TOPICAL TERM
Topical Term Religion
942 ## - ADDED ENTRY ELEMENTS (KOHA)
Koha item type Book
Holdings
Withdrawn status Lost status Damaged status Not for loan Permanent Location Current Location Date acquired Cost, normal purchase price Full call number Accession Number Cost, replacement price Price effective from Koha item type
        Sree Sankaracharya University of Sanskrit Sree Sankaracharya University of Sanskrit 08.01.2015 0.00 S 294.5 GOV/S 056667 0.00 08.01.2015 Book